| 000 | 01688nam1a2200301 4500 | ||
|---|---|---|---|
| 001 | RU\NLR\bibl\1083136 | ||
| 005 | 20080704121640.0 | ||
| 035 | _a(NLR Aleph) 001070309 | ||
| 090 |
_a994474 _c994474 |
||
| 100 | _a20070508d20069999u y0rusy50 ca | ||
| 101 | 0 | _arus | |
| 102 | _aRU | ||
| 105 | _a||||z ||||| | ||
| 200 | 1 |
_aАдминистрирование СУБД ORACLE _eучебное пособие _eдля слушателей образовательных учреждений дополнительного профессионального образования Федеральной службы безопасности Российской Федерации, обучающихся по направлению "Информатика и вычислительная техника" _e[в 2 ч.] _fС.В. Чирков, А.А. Тимаков _gФедер. служба безопасности Рос. Федерации, Моск. ин-т новых информ. технологий |
|
| 210 |
_aМосква _cМИНИТ _d2006 |
||
| 215 | _d20 | ||
| 463 | 0 | _10011034445 | |
| 463 | 0 | _10011224014 | |
| 606 | 1 |
_aORACLE, система управления базами данных _jУчебные издания для повышения квалификации _92056727 _3RU\NLR\auth\661233293 |
|
| 686 | _aЗ973.233-018.2я77 | ||
| 700 | 1 |
_4070 _7ca _8rus _aЧирков _bС. В. _cспециалист по компьют. технологиям _98823 _3RU\NLR\AUTH\7725778 |
|
| 701 | 1 |
_aТимаков _bА. А. _4070 |
|
| 801 | 0 |
_aRU _bNLR _c20070508 _gRCR |
|
| 801 | 1 |
_aRU _bNLR _c20070508 |
|
| 852 |
_aNLR _j2007-3/1485 |
||
| 942 | _cBOOK | ||
| 980 | _aNB | ||